000 00581nam a2200217Ia 4500
003 OSt
005 20220923230817.0
006 a|||||r|||| 00| 0
007 ta
008 Pun
024 _a305,756
037 _cTextual
040 _aARTS
_cARTS
_bPun
041 _2Pun
_aPun
082 _aU8.1'N7, 153M2
100 _aਦਾਤਾ, ਪਿਆਰਾ ਸਿੰਘ
_9156315
245 0 _aਦੇਸ ਪ੍ਰਦੇਸ ਯਾਤਰਾ
260 _c1982
942 _hU8.1'N7, 153M2
_cTEXL
_2CC
999 _c387546
_d387546